000 00826nam a22002417a 4500
001 87623
003 UA-OsUOA
005 20211115230043.0
007 ta
008 20120920b un ||||| |||| 00| 0 ukr d
040 _aUA-OsUOA
_brus
_cUA-OsUOA
_dUA-OsUOA
041 _arus
044 _aRU
080 _a94(47+57)
090 _a94(47+57)
_bЧ-48
100 _aЧерменский Е. Д.
245 _aРоссия в период империалистической войны. Вторая революция в Росии (1914 г. - март 1917 г.)
_bлекции, прочитанный в высшей партийной школе при ЦК КПСС
260 _aМ.
_bКрасный пролетарий
_c1954
300 _a86 с.
650 7 _a94 Історія
_2UDC
942 _cBK
_2udc
955 _a0
999 _c373894
_d373894